000 00576nam a2200229Ia 4500
003 OSt
005 20220918200548.0
006 a|||||r|||| 00| 0
007 ta
008 220917b |||||||| |||| 00| 0 eng d
024 _a89,347
037 _cTextual
040 _aARTS
_cARTS
_beng
041 _2eng
_aeng
082 _aU8wM68, J3, J3;H7
100 _aBell Gertrude
_994668
245 0 _aLetters ed by Lady Richmond
260 _c1953
650 _aGEOGRAPHY
942 _hU8wM68, J3, J3;H7
_cTEXL
_2CC
999 _c213017
_d213017